Catálogo

Vista normal Vista MARC

Entrada Personal Name

Número de registros utilizados en: 1

001 - CONTROL NUMBER

  • control field: 16710

003 - CONTROL NUMBER IDENTIFIER

  • control field: DLC

005 - DATE AND TIME OF LATEST TRANSACTION

  • control field: 20250206105628.0

008 - FIXED-LENGTH DATA ELEMENTS

  • fixed length control field: 960117n| azannaabn |a aaa

010 ## - LIBRARY OF CONGRESS CONTROL NUMBER

  • LC control number: n 96003095

035 ## - SYSTEM CONTROL NUMBER

  • System control number: (OCoLC)oca03989051

040 ## - CATALOGING SOURCE

  • Original cataloging agency: DLC
  • Language of cataloging: spa
  • Description conventions: rda
  • Transcribing agency: Mx-PuUPA
  • Modifying agency: DLC
  • Modifying agency: OCoLC
  • Modifying agency: CSt
  • Modifying agency: Mx-PuUPA

046 ## - SPECIAL CODED DATES

  • Birth date: 1955

100 1# - HEADING--PERSONAL NAME

  • Personal name: Fernández Menéndez, Jorge,
  • Dates associated with a name: 1955-

372 ## - FIELD OF ACTIVITY

  • Field of activity: Periodismo
  • Field of activity: Temas políticos y seguridad nacional
  • Field of activity: Narcotráfico y crimen organizado

374 ## - OCCUPATION

  • Occupation: Autor
  • Occupation: Periodista y columnista

375 ## - GENDER

  • Gender: hombre

377 ## - ASSOCIATED LANGUAGE

  • Language code: spa

400 1# - SEE FROM TRACING--PERSONAL NAME

  • Personal name: Menéndez, Jorge Fernández
  • Dates associated with a name: 1955-

670 ## - SOURCE DATA FOUND

  • Source citation: Los protagonistas de agosto, 1994:
  • Information found: t.p. (Jorge Fernández Menéndez)

670 ## - SOURCE DATA FOUND

  • Source citation: Desestabilización, 1995:
  • Information found: t.p. (Jorge Fernández Menéndez) flap (b. Argentina, 1955; vive en México, columnista del periódico El Financiero; y comentaristapolítico del programa radiofónico y televisivo, Para empezar)